<?xml version="1.0" encoding="UTF-8"?>
<record
    xmlns:xsi="http://www.w3.org/2001/XMLSchema-instance"
    xsi:schemaLocation="http://www.loc.gov/MARC21/slim http://www.loc.gov/standards/marcxml/schema/MARC21slim.xsd"
    xmlns="http://www.loc.gov/MARC21/slim">

  <leader>02956nam a2200505   4500</leader>
  <controlfield tag="003">OSt</controlfield>
  <controlfield tag="005">20260513113859.0</controlfield>
  <controlfield tag="008">260513b        |||||||| |||| 00| 0 aze d</controlfield>
  <datafield tag="020" ind1=" " ind2=" ">
    <subfield code="a">9789952514827</subfield>
  </datafield>
  <datafield tag="040" ind1=" " ind2=" ">
    <subfield code="a">AZ-XaKU</subfield>
    <subfield code="b">aze</subfield>
    <subfield code="c">AZ-XaKU</subfield>
  </datafield>
  <datafield tag="041" ind1="0" ind2=" ">
    <subfield code="a">aze</subfield>
  </datafield>
  <datafield tag="050" ind1="1" ind2="4">
    <subfield code="a">S592.16 .G9418 2018</subfield>
  </datafield>
  <datafield tag="100" ind1="1" ind2=" ">
    <subfield code="a">M&#x259;mm&#x259;dov, Q.&#x15E;.,</subfield>
    <subfield code="e">m&#xFC;&#x259;llif.</subfield>
  </datafield>
  <datafield tag="245" ind1="1" ind2=" ">
    <subfield code="a">Co&#x11F;rafi informasiya sisteml&#x259;ri &#x259;sas&#x131;nda interaktiv elektron torpaq v&#x259; torpaqlar&#x131;n ekoloji qiym&#x259;t x&#x259;rit&#x259;l&#x259;rinin t&#x259;rtibin&#x259; dair metodiki g&#xF6;st&#x259;ri&#x15F;</subfield>
    <subfield code="c">/ Q.&#x15E;.M&#x259;mm&#x259;dov, A.T.Al&#x131;yev, L.C.Qas&#x131;mov, N.S.&#x130;smay&#x131;lov, C.S.Abdullayev, S.Z.M&#x259;mm&#x259;dova, R.M.Heyd&#x259;rova, A.C.H&#x259;&#x15F;imov, M.Q.Mustafayev, A.S.A&#x11F;babal&#x131;, A.B.C&#x259;f&#x259;rov, Z.R.M&#x259;mm&#x259;dov, C.&#x18F;.&#x15E;abanov, V.A.Babayev, Q.&#x15E;.Yaqubov, S.X.&#x15E;&#xFC;k&#xFC;rov ; r&#x259;y&#xE7;il&#x259;r R.M.M&#x259;mm&#x259;dov, C.&#x130;.&#x130;smay&#x131;lov, Hee-Myog Ro</subfield>
  </datafield>
  <datafield tag="264" ind1=" " ind2=" ">
    <subfield code="a">Bak&#x131;:</subfield>
    <subfield code="b">"Elm",</subfield>
    <subfield code="c">2018.</subfield>
  </datafield>
  <datafield tag="300" ind1=" " ind2=" ">
    <subfield code="a">80 s&#x259;hif&#x259;;</subfield>
    <subfield code="b">&#x15F;&#x259;kil, c&#x259;dv&#x259;l,</subfield>
    <subfield code="c">20.5 sm.</subfield>
  </datafield>
  <datafield tag="336" ind1=" " ind2=" ">
    <subfield code="a">text</subfield>
    <subfield code="b">txt</subfield>
    <subfield code="2">rdacontent</subfield>
  </datafield>
  <datafield tag="337" ind1=" " ind2=" ">
    <subfield code="a">unmediated</subfield>
    <subfield code="b">n</subfield>
    <subfield code="2">rdamedia</subfield>
  </datafield>
  <datafield tag="338" ind1=" " ind2=" ">
    <subfield code="a">volume </subfield>
    <subfield code="b">nc</subfield>
    <subfield code="2">rdacarrier</subfield>
  </datafield>
  <datafield tag="500" ind1=" " ind2=" ">
    <subfield code="a">AMEA Torpaq&#x15F;&#xFC;nasl&#x131;q v&#x259; Aqrokimya &#x130;nstitutunun Elmi &#x15E;uras&#x131;n&#x131;n 16.11.2018-ci il tarixli 16 sayl&#x131; iclas&#x131;n&#x131;n q&#x259;rar&#x131; il&#x259; n&#x259;&#x15F;r olunmas&#x131; t&#xF6;vsiy&#x259; edilmi&#x15F;dir.
BDU Ekologiya v&#x259; torpaq&#x15F;&#xFC;nasl&#x131;q fak&#xFC;lt&#x259;sinin Elmi &#x15E;uras&#x131;n&#x131;n 17.10.2018-ci il tarixli 01 sayl&#x131; iclas&#x131;n&#x131;n q&#x259;rar&#x131; il&#x259; n&#x259;&#x15F;r olunmas&#x131; t&#xF6;vsiy&#x259; edilmi&#x15F;dir. Metodik g&#xF6;st&#x259;ri&#x15F; akademik Q&#x259;rib M&#x259;mm&#x259;dovun r&#x259;hb&#x259;rliyi il&#x259; haz&#x131;rlanm&#x131;&#x15F;d&#x131;r.</subfield>
  </datafield>
  <datafield tag="504" ind1=" " ind2=" ">
    <subfield code="a">-&#x18F;d&#x259;biyyat siyah&#x131;s&#x131;: s. 77-79</subfield>
  </datafield>
  <datafield tag="505" ind1="0" ind2=" ">
    <subfield code="a">Giri&#x15F; -- I f&#x259;sil. Co&#x11F;rafi informasiya sisteml&#x259;ri v&#x259; x&#x259;rit&#x259; haqq&#x131;nda q&#x131;sa m&#x259;lumat -- II f&#x259;sil. Aero v&#x259; kosmik  materiallar &#x259;sas&#x131;nda elektron torpaq x&#x259;rit&#x259;l&#x259;rinin t&#x259;rtibinin &#x259;sas x&#xFC;susiyy&#x259;tl&#x259;ri -- III f&#x259;sil. Co&#x11F;rafi informasiya sisteml&#x259;rind&#x259; torpaq x&#x259;rit&#x259;l&#x259;rinin t&#x259;rtibinin &#x259;sas x&#xFC;susiyy&#x259;tl&#x259;ri -- IV f&#x259;sil. Torpaqlar&#x131;n interaktiv elektron ekoloji qiym&#x259;t x&#x259;rit&#x259;l&#x259;rinin m&#x259;lumat bazas&#x131;n&#x131;n yarad&#x131;lmas&#x131; v&#x259; idar&#x259; olunmas&#x131;. </subfield>
  </datafield>
  <datafield tag="650" ind1=" " ind2="7">
    <subfield code="a">Torpaq&#x15F;&#xFC;nasl&#x131;q</subfield>
    <subfield code="2">AZ-XaKU</subfield>
  </datafield>
  <datafield tag="655" ind1=" " ind2=" ">
    <subfield code="2">Az-XaKU</subfield>
    <subfield code="a">Metodiki g&#xF6;st&#x259;ri&#x15F; </subfield>
  </datafield>
  <datafield tag="700" ind1="1" ind2=" ">
    <subfield code="a">Al&#x131;yev, A.T.,</subfield>
    <subfield code="e">m&#xFC;&#x259;llif.</subfield>
  </datafield>
  <datafield tag="700" ind1="1" ind2=" ">
    <subfield code="a">Qas&#x131;mov, L.C.,</subfield>
    <subfield code="e">m&#xFC;&#x259;llif.</subfield>
  </datafield>
  <datafield tag="700" ind1="1" ind2=" ">
    <subfield code="a">&#x130;smay&#x131;lov, N.S.,</subfield>
    <subfield code="e">m&#xFC;&#x259;llif.</subfield>
  </datafield>
  <datafield tag="700" ind1="1" ind2=" ">
    <subfield code="a">Abdullayev, C.S.,</subfield>
    <subfield code="e">m&#xFC;&#x259;llif.</subfield>
  </datafield>
  <datafield tag="700" ind1="1" ind2=" ">
    <subfield code="a">M&#x259;mm&#x259;dova, S.Z.,</subfield>
    <subfield code="e">m&#xFC;&#x259;llif.</subfield>
  </datafield>
  <datafield tag="700" ind1="1" ind2=" ">
    <subfield code="a">Heyd&#x259;rova, R.M., </subfield>
    <subfield code="e">m&#xFC;&#x259;llif.</subfield>
  </datafield>
  <datafield tag="700" ind1="1" ind2=" ">
    <subfield code="a">H&#x259;&#x15F;imov, A.C.,</subfield>
    <subfield code="e">m&#xFC;&#x259;llif.</subfield>
  </datafield>
  <datafield tag="700" ind1="1" ind2=" ">
    <subfield code="a">Mustafayev, M.Q.,</subfield>
    <subfield code="e">m&#xFC;&#x259;llif.</subfield>
  </datafield>
  <datafield tag="700" ind1="1" ind2=" ">
    <subfield code="a">A&#x11F;babal&#x131;, A.S.,</subfield>
    <subfield code="e">m&#xFC;&#x259;llif.</subfield>
  </datafield>
  <datafield tag="700" ind1="1" ind2=" ">
    <subfield code="a">C&#x259;f&#x259;rov, A.B.,</subfield>
    <subfield code="e">m&#xFC;&#x259;llif.</subfield>
  </datafield>
  <datafield tag="700" ind1="1" ind2=" ">
    <subfield code="a">M&#x259;mm&#x259;dov, Z.R.,</subfield>
    <subfield code="e">m&#xFC;&#x259;llif.</subfield>
  </datafield>
  <datafield tag="700" ind1="1" ind2=" ">
    <subfield code="a">&#x15E;abanov, C.&#x18F;.,</subfield>
    <subfield code="e">m&#xFC;&#x259;llif.</subfield>
  </datafield>
  <datafield tag="700" ind1="1" ind2=" ">
    <subfield code="a">Babayev, V.A.,</subfield>
    <subfield code="e">m&#xFC;&#x259;llif.</subfield>
  </datafield>
  <datafield tag="700" ind1="1" ind2=" ">
    <subfield code="a">Yaqubov, Q.&#x15E;.,</subfield>
    <subfield code="e">m&#xFC;&#x259;llif.</subfield>
  </datafield>
  <datafield tag="700" ind1="1" ind2=" ">
    <subfield code="a">&#x15E;&#xFC;k&#xFC;rov, S.X.,</subfield>
    <subfield code="e">m&#xFC;&#x259;llif.</subfield>
  </datafield>
  <datafield tag="700" ind1="1" ind2=" ">
    <subfield code="a">M&#x259;mm&#x259;dov, R.M.,</subfield>
    <subfield code="e">r&#x259;y&#xE7;i.</subfield>
  </datafield>
  <datafield tag="700" ind1="1" ind2=" ">
    <subfield code="a">&#x130;smay&#x131;lov, C.&#x130;., </subfield>
    <subfield code="e">r&#x259;y&#xE7;i.</subfield>
  </datafield>
  <datafield tag="700" ind1="1" ind2=" ">
    <subfield code="a">Ro, Hee-Myog,</subfield>
    <subfield code="e">r&#x259;y&#xE7;i.</subfield>
  </datafield>
  <datafield tag="942" ind1=" " ind2=" ">
    <subfield code="c">BOOK</subfield>
  </datafield>
  <datafield tag="999" ind1=" " ind2=" ">
    <subfield code="c">438</subfield>
    <subfield code="d">438</subfield>
  </datafield>
  <datafield tag="952" ind1=" " ind2=" ">
    <subfield code="0">0</subfield>
    <subfield code="1">0</subfield>
    <subfield code="2">lcc</subfield>
    <subfield code="4">0</subfield>
    <subfield code="7">0</subfield>
    <subfield code="8">GC</subfield>
    <subfield code="a">KU</subfield>
    <subfield code="b">KU</subfield>
    <subfield code="d">2026-05-13</subfield>
    <subfield code="l">0</subfield>
    <subfield code="o">S592.16 .G9418 2018</subfield>
    <subfield code="p">0000000342</subfield>
    <subfield code="r">2026-05-13 11:39:37</subfield>
    <subfield code="t">1</subfield>
    <subfield code="w">2026-05-13</subfield>
    <subfield code="y">BOOK</subfield>
  </datafield>
</record>
